000 00710nam a2200253Ia 4500
003 OSt
005 20221006160503.0
006 a|||||r|||| 00| 0
007 ta
008 221006b |||||||| |||| 00| 0 eng d
024 _a45,300
037 _cSeries Articles
040 _aEASL
_cEASL
_beng
041 _2eng
_aeng
100 _aMaiorano Diego
_9428367
245 0 _arethinking the Twentieth - century history of Mumbai
260 _aNew York
_bCambridge University Press U.K
_c2014
300 _a1435-1449pp.
_ccm.
490 _v48 3
650 _a Twentieth - Century History
_9673854
650 _aAsian Studies
942 _cREF
_2CC
999 _c1113392
_d1113392